Soluzione estrema /

Furkejuvvon:
Bibliográfalaš dieđut
Eará dahkkit: Jones, Trevor, (1949- compositore), Garcia, Andy, Schroeder, Barbet, Keaton, Michael
Materiálatiipa: Dia
Giella:itáliagiella
Almmustuhtton: Firenze : Cecchi Gori Home Video [distributore], [1999?]
Fáddágilkorat: Lasit fáddágilkoriid
Eai fáddágilkorat, Lasit vuosttaš fáddágilkora!

MARC

LEADER 00000ngm a22000007i 4500
001 IT\ICCU\MOD\0381098
003 ItRI
005 20260124182810.0
008 010330s1999 it |||||||||||||||k|||||c
028 4 2 |a 2447 
028 4 2 |a 3447 
040 |b ita 
041 7 |a ita  |2 ISO-639-2 
130 0 |a Desperate measures <film ; 1998>  |3 IT\ICCU\CAG\0894422 
245 0 0 |a Soluzione estrema /  |c regia di Barbet Schroeder ; musiche di Trevor Jones ; sceneggiatura di David Klass. 
260 |a Firenze :  |b Cecchi Gori Home Video [distributore],  |c [1999?] 
300 |a 1 videocassetta (VHS) (102 min.) :  |b color., son. (Stereo Hi-Fi) 
500 |a Tit. del contenitore 
500 |a Film del 1998, USA; interpreti: Michael Keaton, Andy Garcia. 
700 1 |a Jones, Trevor,  |d  (1949-   |c compositore)  |0 IT\ICCU\MILV\016010 
700 1 |a Garcia, Andy  |0 IT\ICCU\RAVV\089810 
700 1 |a Schroeder, Barbet  |0 IT\ICCU\RAVV\092409 
700 1 |a Keaton, Michael  |0 IT\ICCU\RAVV\092701 
790 1 |a Jones, Trevor Alfred Charles  |3 IT\ICCU\SBNV\078117  |z Jones, Trevor (1949- ; compositore) 
942 |2 ddc  |c VM  |n 0 
952 |0 0  |1 0  |4 0  |6 VO_2031_000000000000000  |7 0  |9 26464  |a BO  |b BO  |d 2026-01-24  |i 16918  |l 0  |o VO 2031  |p BO16918  |r 2026-01-24 18:28:10  |w 2026-01-24  |x [Sebina 5] [1 videocassetta]  |y VM  |z 1 videocassetta 
999 |c 22370  |d 22370